Landed elites in upheaval-forms and contents of resistance by the palegars-1800-1846/ (Record no. 11043)

MARC details
000 -LEADER
fixed length control field 00847 a2200205 4500
010 ## - LIBRARY OF CONGRESS CONTROL NUMBER
LC control number ENG-89622
020 ## - INTERNATIONAL STANDARD BOOK NUMBER
Terms of availability 175.00
International Standard Book Number 8188629618
035 ## - SYSTEM CONTROL NUMBER
System control number EN-73155
037 ## - SOURCE OF ACQUISITION
Source of stock number/acquisition DBAD / PUB
082 14 - DEWEY DECIMAL CLASSIFICATION NUMBER
Classification number 305.563309034
090 ## - LOCALLY ASSIGNED LC-TYPE CALL NUMBER (OCLC); LOCAL CALL NUMBER (OCLC)
-- 11350
-- 11350
100 1# - MAIN ENTRY--PERSONAL NAME
Personal name Dua, J.C.
245 #1 - TITLE STATEMENT
Title Landed elites in upheaval-forms and contents of resistance by the palegars-1800-1846/
Statement of responsibility, etc by J.C. Dua
260 ## - PUBLICATION, DISTRIBUTION, ETC. (IMPRINT)
Place of publication, distribution, etc Delhi
Name of publisher, distributor, etc Originals
Date of publication, distribution, etc 2006
270 ## - ADDRESS
Address A-6, Nimri Commercial Centre, Near Ashok Vihar Phase-IV,
City Delhi
Postal code 110 052
Electronic mail address lpp@nde.vsnl.net.in
State or province Delhi
300 ## - PHYSICAL DESCRIPTION
Extent V, 106P.
Dimensions 21cm (Hb )
500 ## - GENERAL NOTE
General note Dr. Kalaignar Thiru M. Karunanidhi endowment lectures, Madras University, Madras, 7th, 10th, 11th April, 1995
942 ## - ADDED ENTRY ELEMENTS (KOHA)
Institution code [OBSOLETE] dpl
Koha item type English Books
Call number prefix 305.563309034/ DUA
Holdings
Withdrawn status Lost status Source of classification or shelving scheme Damaged status Not for loan Collection code Home library Current library Source of acquisition Cost, normal purchase price Total Checkouts Full call number Barcode Date last seen Copy number Uniform Resource Identifier Cost, replacement price Price effective from Koha item type
    Dewey Decimal Classification   Not For Loan Non-fiction D.B.Act.Division D.B.Act.Division DBAD/PUB 175.00   305.563309034 DUA EN-73155 15/09/2008 1 12147 175.00 15/09/2008 English Books

© Delhi Public Library
Hit Counter
free hit counter